A Song of Ice and Fire POV Characters Chapter total - Statistics

General Stats
  • This quiz has been taken 27 times
    10 since last reset
  • The average score is 25 of 31
Answer Stats
Total Chapters Character % Correct
33 Arya Stark
100%
21 Bran Stark
100%
25 Catelyn Stark
100%
12 Cersei Lannister
100%
31 Daenerys Targaryen
100%
15 Eddard Stark
100%
17 Jaime Lannister
100%
2 Jon Cunnington
100%
42 Jon Snow
100%
26 Sansa Stark/Alayne
100%
13 Theon Greyjoy/Reek
100%
47 Tyrion Lannister
100%
4 Asha Greyjoy
89%
8 Brienne of Tarth
89%
13 Davos Seaworth
89%
1 Merrett Frey
89%
13 Samwell Tarly
89%
1 Arys Oakheart
78%
1 Melisandre
78%
1 Will
78%
2 Aeron Greyjoy
67%
4 Barristan Selmy
67%
4 Victarion Greyjoy
67%
2 Arianne Martell
56%
1 Kevan Lannister
56%
1 Maester Cressen
56%
4 Quentyn Martell
56%
1 Varamyr Sixskins
56%
2 Areo Hotah
44%
1 Chett
44%
1 Pate
44%
No matching quizzes found
Score Distribution
Percent of People with Each Score
Percentile by Number Answered
Your Score History
You have not taken this quiz since the last reset